[Event "Minsk Inautomarket op"]
[Site "Minsk"]
[Date "2005.07.18"]
[Round "9"]
[White "Astashov, Gleb"]
[Black "Kupreichik, Viktor D"]
[Result "1/2-1/2"]
[WhiteElo "2339"]
[BlackElo "2468"]
[PlyCount "22"]
[EventDate "2005.07.06"]
[EventType "swiss"]
[EventRounds "9"]
[EventCountry "BLR"]
[SourceTitle "CBM 107 Extra"]
[Source "ChessBase"]
[SourceDate "2005.09.01"]
[SourceVersion "1"]
[SourceVersionDate "2005.09.01"]
[SourceQuality "1"]

1. c4 c5 2. Nf3 Nc6 3. g3 g6 4. Bg2 Bg7 5. 0-0 e5 6. Nc3 Nge7 7. Ne1 d6 8. Nc2 Be6 9. b3 0-0 10. Nd5 Rb8 11. a3 a6 1/2-1/2

[Event "Chigorin Memorial 08th"]
[Site "St Petersburg"]
[Date "2000.11.09"]
[Round "8"]
[White "Bogachkov, Igor"]
[Black "Astashov, Gleb"]
[Result "0-1"]
[WhiteElo "2328"]
[BlackElo "2251"]
[PlyCount "60"]
[EventDate "2000.10.31"]
[EventType "swiss"]
[EventRounds "9"]
[EventCountry "RUS"]
[SourceTitle "EXT 2001"]
[Source "ChessBase"]
[SourceDate "2000.11.22"]
[SourceVersion "1"]
[SourceVersionDate "2000.11.22"]
[SourceQuality "1"]

1. d4 Nf6 2. c4 g6 3. Nc3 Bg7 4. e4 d6 5. Be2 0-0 6. Bg5 c5 7. d5 h6 8. Bf4 e6 9. dxe6 Bxe6 10. Qd2 Nc6 11. Bxh6 Bxh6 12. Qxh6 Nd4 13. Qd2 b5 14. cxb5 d5 15. e5 Ne4 16. Nxe4 dxe4 17. h4 Qd5 18. Kf1 Qxe5 19. Nh3 Rad8 20. Qg5 Qg7 21. Nf4 Nxe2 22. Nxe2 Qxb2 23. Qc1 Qxb5 24. Rb1 Qd3 25. h5 Bg4 26. hxg6 Qxe2+ 27. Kg1 Rd1+ 28. Qxd1 Qxd1+ 29. Rxd1 Bxd1 30. Kh2 Bh5 0-1

[Event "Chigorin Memorial 08th"]
[Site "St Petersburg"]
[Date "2000.11.08"]
[Round "7"]
[White "Astashov, Gleb"]
[Black "Novitzkij, Dmitrij"]
[Result "0-1"]
[WhiteElo "2251"]
[BlackElo "2347"]
[PlyCount "90"]
[EventDate "2000.10.31"]
[EventType "swiss"]
[EventRounds "9"]
[EventCountry "RUS"]
[SourceTitle "EXT 2001"]
[Source "ChessBase"]
[SourceDate "2000.11.22"]
[SourceVersion "1"]
[SourceVersionDate "2000.11.22"]
[SourceQuality "1"]

1. Nf3 d5 2. g3 g6 3. Bg2 Bg7 4. 0-0 e5 5. d3 Ne7 6. e4 0-0 7. Nbd2 Nbc6 8. c3 h6 9. a3 a5 10. exd5 Nxd5 11. a4 Nb6 12. Qe2 Be6 13. Re1 Nd7 14. h4 Nc5 15. Bf1 Qd7 16. Ne4 Nb3 17. Ra3 f5 18. Ned2 Nxc1 19. Rxc1 Rae8 20. Bg2 Rd8 21. Ne1 Rfe8 22. Raa1 Bf7 23. Rd1 Bf6 24. Nc4 b6 25. Nc2 Kg7 26. N2e3 h5 27. Qf3 Nb8 28. Qe2 Na6 29. Nxe5 Rxe5 30. d4 Rxe3 31. fxe3 Nb8 32. e4 fxe4 33. Qxe4 Qd6 34. Rf1 Qxg3 35. Rf3 Qd6 36. Rf4 Bd5 37. Qe3 Bxg2 38. Kxg2 Rf8 39. Raf1 Nc6 40. Qe4 Ne7 41. Kh1 Qd5 42. Qxd5 Nxd5 43. Re4 Ne7 44. b4 axb4 45. cxb4 Nf5 0-1

[Event "Chigorin Memorial 08th"]
[Site "St Petersburg"]
[Date "2000.11.05"]
[Round "5"]
[White "Astashov, Gleb"]
[Black "Ivanov, Vladimir Ivanovich"]
[Result "1-0"]
[WhiteElo "2251"]
[BlackElo "2403"]
[PlyCount "83"]
[EventDate "2000.10.31"]
[EventType "swiss"]
[EventRounds "9"]
[EventCountry "RUS"]
[SourceTitle "EXT 2001"]
[Source "ChessBase"]
[SourceDate "2000.11.22"]
[SourceVersion "1"]
[SourceVersionDate "2000.11.22"]
[SourceQuality "1"]

1. Nf3 d6 2. d4 Bg4 3. e4 Nf6 4. Nc3 e6 5. h3 Bh5 6. Bd3 d5 7. 0-0 Be7 8. exd5 exd5 9. g4 Bg6 10. Ne5 c6 11. f4 Bxd3 12. Qxd3 0-0 13. f5 Ne8 14. Bf4 Nd6 15. Rae1 Na6 16. Re2 Re8 17. Nxc6 bxc6 18. Qxa6 Qd7 19. Rfe1 Nc4 20. b3 Bb4 21. bxc4 Rxe2 22. Rxe2 Bxc3 23. Be5 Re8 24. Kf1 f6 25. Qa3 Ba1 26. Qd6 Qxd6 27. Bxd6 Rxe2 28. Kxe2 Bxd4 29. cxd5 cxd5 30. Kd3 Bf2 31. c4 dxc4+ 32. Kxc4 a6 33. Kd5 g6 34. Kc6 h5 35. a4 hxg4 36. hxg4 gxf5 37. gxf5 Kh7 38. Bf4 Be1 39. Kb6 a5 40. Kb5 Bb4 41. Be3 Be1 42. Bb6 1-0

[Event "Chigorin Memorial 08th"]
[Site "St Petersburg"]
[Date "2000.11.01"]
[Round "2"]
[White "Astashov, Gleb"]
[Black "Tunik, Gennady"]
[Result "0-1"]
[WhiteElo "2251"]
[BlackElo "2436"]
[PlyCount "68"]
[EventDate "2000.10.31"]
[EventType "swiss"]
[EventRounds "9"]
[EventCountry "RUS"]
[SourceTitle "EXT 2001"]
[Source "ChessBase"]
[SourceDate "2000.11.22"]
[SourceVersion "1"]
[SourceVersionDate "2000.11.22"]
[SourceQuality "1"]

1. Nf3 Nf6 2. c4 c5 3. Nc3 b6 4. g3 Bb7 5. Bg2 g6 6. 0-0 Bg7 7. d4 cxd4 8. Nxd4 Bxg2 9. Kxg2 Qc7 10. b3 Qb7+ 11. f3 d5 12. cxd5 Nxd5 13. Nxd5 Qxd5 14. Bb2 0-0 15. e4 Qb7 16. Qe2 Nd7 17. Rac1 Rfc8 18. b4 b5 19. Nb3 Bh6 20. f4 a6 21. Na5 Qb6 22. Qg4 Rxc1 23. Rxc1 Nf6 24. Rc8+ Bf8 25. Bxf6 Rxc8 26. Qxc8 exf6 27. Nc6 Kg7 28. Qd7 Qe3 29. Qd5 Qe2+ 30. Kh3 Qf1+ 31. Kh4 Qg2 32. h3 h6 33. Nd8 g5+ 34. fxg5 hxg5+ 0-1

[Event "Chigorin Memorial 08th"]
[Site "St Petersburg"]
[Date "2000.10.31"]
[Round "1"]
[White "Kochyev, Alexander"]
[Black "Astashov, Gleb"]
[Result "1/2-1/2"]
[WhiteElo "2422"]
[BlackElo "2251"]
[PlyCount "36"]
[EventDate "2000.10.31"]
[EventType "swiss"]
[EventRounds "9"]
[EventCountry "RUS"]
[SourceTitle "EXT 2001"]
[Source "ChessBase"]
[SourceDate "2000.11.22"]
[SourceVersion "1"]
[SourceVersionDate "2000.11.22"]
[SourceQuality "1"]

1. Nf3 Nf6 2. g3 g6 3. Bg2 Bg7 4. c4 0-0 5. d4 d6 6. 0-0 c6 7. h3 Be6 8. b3 d5 9. Nbd2 Ne4 10. Bb2 Nxd2 11. Qxd2 Bf5 12. Qb4 b6 13. cxd5 cxd5 14. Ne5 f6 15. Ng4 Qd7 16. Rac1 Rd8 17. Kh2 Nc6 18. Qd2 Rac8 1/2-1/2

[Event "Chigorin Memorial 07th"]
[Site "St Petersburg"]
[Date "1999.11.08"]
[Round "7"]
[White "Nikanorov, Andrej"]
[Black "Astashov, Gleb"]
[Result "0-1"]
[WhiteElo "2340"]
[BlackElo "2247"]
[PlyCount "92"]
[EventDate "1999.11.02"]
[EventType "swiss"]
[EventRounds "9"]
[EventCountry "RUS"]
[SourceTitle "CBM 074"]
[Source "ChessBase"]
[SourceDate "2000.02.01"]
[SourceVersion "1"]
[SourceVersionDate "2000.02.01"]
[SourceQuality "1"]

1. e4 c6 2. d4 d5 3. exd5 cxd5 4. c4 Nf6 5. Nc3 e6 6. Nf3 Be7 7. cxd5 Nxd5 8. Bd3 Nc6 9. 0-0 0-0 10. Ne4 b6 11. Bg5 Bb7 12. Bxe7 Qxe7 13. Rc1 Rfd8 14. Bb5 Na5 15. a3 Rac8 16. Qd3 Nc7 17. Neg5 g6 18. Rfe1 Nxb5 19. Rxc8 Rxc8 20. Qxb5 h6 21. Ne4 Nc4 22. Nfd2 a6 23. Qb3 Nxd2 24. Nxd2 Bxg2 25. Kxg2 Qg5+ 26. Kf1 Qxd2 27. Rd1 Qc2 28. Rd3 Qc1+ 29. Rd1 Qc7 30. Kg1 Qc2 31. Rd3 b5 32. Kg2 Qxb3 33. Rxb3 Rc4 34. Rd3 Rc2 35. b4 Ra2 36. h4 Kg7 37. Kf3 Kf6 38. Kg3 Ke7 39. f4 Kd6 40. h5 gxh5 41. f5 Kd5 42. f6 Ke4 43. Rc3 Kxd4 44. Rc7 Rxa3+ 45. Kg2 Ke5 46. Rxf7 Rb3 0-1

[Event "Chigorin Memorial 07th"]
[Site "St Petersburg"]
[Date "1999.11.07"]
[Round "6"]
[White "Astashov, Gleb"]
[Black "Danielian, Vardan"]
[Result "1-0"]
[WhiteElo "2247"]
[BlackElo "2289"]
[PlyCount "59"]
[EventDate "1999.11.02"]
[EventType "swiss"]
[EventRounds "9"]
[EventCountry "RUS"]
[SourceTitle "CBM 074"]
[Source "ChessBase"]
[SourceDate "2000.02.01"]
[SourceVersion "1"]
[SourceVersionDate "2000.02.01"]
[SourceQuality "1"]

1. d4 Nf6 2. c4 g6 3. Nc3 Bg7 4. e4 d6 5. Be2 0-0 6. Nf3 e5 7. 0-0 Nc6 8. d5 Ne7 9. b4 a5 10. bxa5 Rxa5 11. a4 Ne8 12. Ba3 b6 13. Bb4 Ra8 14. Qb3 f5 15. a5 fxe4 16. Nxe4 Rf4 17. Nfd2 bxa5 18. Bxa5 Nf5 19. Bc3 Rxa1 20. Rxa1 Ne7 21. Ra8 h6 22. c5 Kh7 23. Ba6 Rf8 24. c6 Nf6 25. Nxf6+ Bxf6 26. Nc4 Bg7 27. Ba5 Rf4 28. Bxc8 Re4 29. Bb7 Nc8 30. Rxc8 1-0

[Event "Chigorin Memorial 06th"]
[Site "St Petersburg"]
[Date "1998.11.08"]
[Round "8"]
[White "Zvereva, Marija"]
[Black "Astashov, Gleb"]
[Result "1-0"]
[WhiteElo "2200"]
[BlackElo "2245"]
[PlyCount "29"]
[EventDate "1998.10.31"]
[EventType "swiss"]
[EventRounds "9"]
[EventCountry "RUS"]
[SourceTitle "CBM 067 Extra"]
[Source "ChessBase"]
[SourceDate "1999.01.01"]
[SourceVersion "1"]
[SourceVersionDate "1999.01.01"]
[SourceQuality "1"]

1. e4 c6 2. d4 d5 3. f3 e6 4. Nc3 Bb4 5. a3 Bxc3+ 6. bxc3 dxe4 7. Bf4 Nf6 8. fxe4 Nxe4 9. Qg4 Qf6 10. Bd3 h5 11. Qf3 Nxc3 12. Qg3 Nd7 13. Nf3 g6 14. 0-0 Nd5 15. Be5 1-0

[Event "Chigorin Memorial 06th"]
[Site "St Petersburg"]
[Date "1998.11.07"]
[Round "7"]
[White "Kirusha, Andrey"]
[Black "Astashov, Gleb"]
[Result "1-0"]
[WhiteElo "2400"]
[BlackElo "2245"]
[PlyCount "107"]
[EventDate "1998.10.31"]
[EventType "swiss"]
[EventRounds "9"]
[EventCountry "RUS"]
[SourceTitle "CBM 067 Extra"]
[Source "ChessBase"]
[SourceDate "1999.01.01"]
[SourceVersion "1"]
[SourceVersionDate "1999.01.01"]
[SourceQuality "1"]

1. Nf3 Nf6 2. c4 g6 3. Nc3 Bg7 4. d4 0-0 5. e4 d6 6. Be2 e5 7. 0-0 Nc6 8. d5 Ne7 9. b4 Nh5 10. Re1 a5 11. bxa5 Nf4 12. Bf1 Rxa5 13. a4 c5 14. Ra3 h6 15. Nd2 g5 16. Nb5 Ra6 17. Bb2 g4 18. g3 Nfg6 19. Bg2 h5 20. Nf1 f5 21. exf5 Nxf5 22. Be4 Nge7 23. Nd2 Nd4 24. Bxd4 exd4 25. Qe2 Nf5 26. Bd3 Bd7 27. Ne4 Be5 28. Qd2 Ra8 29. Nxc5 dxc5 30. Rxe5 Qf6 31. Re1 Nh6 32. Nc7 Nf7 33. Bf1 Ng5 34. Nxa8 Rxa8 35. Bg2 Rf8 36. Qf4 Qg7 37. Qe5 Qg6 38. Qc7 Qf5 39. Qf4 Qg6 40. Qd2 Bf5 41. Rb3 Rf7 42. a5 Kh7 43. d6 Be4 44. Bxe4 Nxe4 45. Qd3 Nxd6 46. Qxg6+ Kxg6 47. Re6+ Rf6 48. Rxf6+ Kxf6 49. Rxb7 Nxb7 50. a6 Nd6 51. a7 Nxc4 52. a8Q Ke5 53. Qe8+ Kd6 54. Qxh5 1-0